000 00417nmm a2200157Ia 4500
008 251105s9999||||xx |||||||||||||||||und||
041 _aspa
100 _aVan Guardia, Lola
245 0 _aCon pedigree
264 _a[Madrid, España] :
_bEditorial Egales,
_c2018
300 _a328 páginas
490 _aNarrativa
650 _aRomance
856 _uhttps://public.digitaliapublishing.com/a/174933
942 _cCF
999 _c100161
_d100161